| 000 | 00535nam a2200205 a 4500 | ||
|---|---|---|---|
| 001 | 1090 | ||
| 003 | CDMR | ||
| 005 | 20131209180019.0 | ||
| 008 | 130130s1977||||||||||||||||||||||||||||d | ||
| 040 |
_aCDMR _bcat _cCDMR |
||
| 100 | 1 |
_aBaudrillard, Jean _983 |
|
| 245 | 1 | 3 |
_aEl sistema de los objetos _cJean Baudrillard |
| 250 | _a3a ed. | ||
| 260 |
_aMadrid _c1977 _bSiglo XXI |
||
| 300 | _a229 p. | ||
| 490 | 0 | _aTeoría y Crítica | |
| 650 | 0 | 4 |
_93509 _aSocietat de consum |
| 650 | 0 | 4 |
_94423 _aTecnologia i civilització |
| 942 |
_cMON _2ddc |
||
| 999 |
_c1090 _d1090 |
||